Peace in the Indian ocean : (Record no. 88355)

MARC details
000 -LEADER
fixed length control field 00577nam a22001817a 4500
005 - DATE AND TIME OF LATEST TRANSACTION
control field 20140908105200.0
010 ## - LCCN (DPL NO)
LC control number ENG-110763
020 ## - INTERNATIONAL STANDARD BOOK NUMBER
International Standard Book Number 9788183875059
Terms of availability 795.00
035 ## - SYSTEM CONTROL NUMBER
System control number EN-94295
037 ## - SOURCE OF ACQUISITION
Source of stock number/acquisition DBAD/PUB
082 ## - DEWEY DECIMAL CLASSIFICATION NUMBER
Classification number 327.1720954
100 ## - MAIN ENTRY--PERSONAL NAME
Personal name Suresh R.
245 ## - TITLE STATEMENT
Title Peace in the Indian ocean :
Statement of responsibility, etc by Suresh R.
Remainder of title a South Asian perspective /
260 ## - PUBLICATION, DISTRIBUTION, ETC. (IMPRINT)
Place of publication, distribution, etc New Delhi
Name of publisher, distributor, etc Serials Publications
Date of publication, distribution, etc 2012
270 ## - ADDRESS
Address 4830/24, Prahlad street, Ansari Road, Darya Ganj
City New Delhi
Postal code 110002
300 ## - PHYSICAL DESCRIPTION
Extent x,227p.
Dimensions 22cm(Hb)
942 ## - ADDED ENTRY ELEMENTS (KOHA)
Source of classification or shelving scheme Dewey Decimal Classification
Item type English Books
Classification part 327.1720954
Call number suffix SUR
Holdings
Withdrawn status Lost status Not for loan Collection code Home library Current library Date acquired Source of acquisition Cost, normal purchase price Full call number Barcode Copy number Cost, replacement price Koha item type
    Not For Loan Non-fiction D.B.Act.Division D.B.Act.Division 05/09/2014 DBAD / PUB 795.00 327.1720954 SUR EN-94295 1 795.00 English Books

© Delhi Public Library
Hit Counter
free hit counter